Nordic Flags of Europe Quiz - Statistics

General Stats
  • This quiz has been taken 85 times
  • The average score is 43 of 45
Answer Stats
Picture Answer % Correct
Croatia
100%
Denmark
100%
Finland
100%
Germany
100%
Greece
100%
Iceland
100%
Norway
100%
Portugal
100%
Spain
100%
Sweden
100%
United Kingdom
100%
Albania
99%
Belgium
99%
Estonia
99%
Ireland
99%
Kosovo
99%
Netherlands
99%
Slovakia
99%
Slovenia
99%
Switzerland
99%
Vatican City
99%
Hungary
97%
Italy
97%
Luxembourg
97%
North Macedonia
97%
Poland
97%
Serbia
97%
Andorra
96%
Bosnia & Herzegovina
96%
France
96%
Malta
96%
Romania
96%
Latvia
94%
Moldova
94%
Monaco
94%
San Marino
94%
Austria
93%
Bulgaria
93%
Lithuania
93%
Ukraine
93%
Montenegro
91%
Russia
91%
Belarus
88%
Czech Republic
88%
Liechtenstein
84%
No matching quizzes found
Score Distribution
Percent of People with Each Score
Percentile by Number Answered
Your Score History
You have not taken this quiz